[Event "Lloyds Bank Masters 2nd"]
[Site "London, Cumberland Hotel"]
[Date "1978.08.24"]
[Round "1.1"]
[White "Short, Nigel D"]
[Black "Westerinen, Heikki MJ"]
[Result "0-1"]
[WhiteElo "2225"]
[BlackElo "2450"]
[PlyCount "52"]
[EventDate "1978.08.24"]
[EventType "swiss"]
[EventRounds "10"]
[EventCountry "ENG"]
[SourceTitle "BritBase"]
[Source "John Saunders"]
[SourceDate "2023.12.16"]
[SourceVersion "1"]
[SourceVersionDate "2023.12.16"]
[SourceQuality "1"]

1. e4 e5 2. Nf3 Nc6 3. Bb5 a6 4. Ba4 d6 5. Bxc6+ bxc6 6. d4 f6 7. Be3 g6 8. Nc3
Nh6 9. dxe5 fxe5 10. Qd2 Nf7 11. h4 h6 12. O-O-O Bg7 13. h5 g5 14. Ng1 Be6 15.
Nge2 Qb8 16. g3 g4 17. f4 gxf3 18. Ng1 Qb4 19. a3 Qb7 20. Kb1 Rb8 21. Qc1 O-O
22. Nxf3 d5 23. Na4 Bg4 24. Nc5 Qb5 25. c4 Qa5 26. Qd2 Qxa3 0-1

[Event "Lloyds Bank Masters 2nd"]
[Site "London, Cumberland Hotel"]
[Date "1978.08.24"]
[Round "1.2"]
[White "Kraidman, Yair"]
[Black "Franklin, Michael J"]
[Result "1/2-1/2"]
[WhiteElo "2455"]
[BlackElo "2315"]
[PlyCount "92"]
[EventDate "1978.08.24"]
[EventType "swiss"]
[EventRounds "10"]
[EventCountry "ENG"]
[SourceTitle "BritBase"]
[Source "John Saunders"]
[SourceDate "2023.12.16"]
[SourceVersion "1"]
[SourceVersionDate "2023.12.16"]
[SourceQuality "1"]

1. d4 Nf6 2. c4 e6 3. Nc3 Bb4 4. e3 Nc6 5. Nf3 O-O 6. Qc2 Re8 7. a3 Bxc3+ 8.
Qxc3 a5 9. b3 d6 10. Bb2 e5 11. dxe5 dxe5 12. Be2 Bf5 13. Nd2 Nd4 14. exd4 exd4
15. Qxd4 Bd3 16. O-O-O Qxd4 17. Bxd4 Bxe2 18. Rde1 Rad8 19. Bxf6 gxf6 20. Nb1
Bd3 21. Rxe8+ Rxe8 22. Nc3 c6 23. Rd1 Bf5 24. Rd4 Kg7 25. Kd2 Be6 26. Ne4 f5
27. Nc5 b6 28. Nxe6+ Rxe6 29. c5 b5 30. f3 Kf6 31. Rd7 f4 32. Rc7 Ke5 33. Rxf7
Rg6 34. Kd3 Rxg2 35. Rxh7 Rb2 36. Kc3 Rf2 37. Rh5+ Ke6 38. Rh3 Re2 39. Kd4 Re3
40. Rh6+ Kd7 41. Rh7+ Kd8 42. b4 a4 43. Rf7 Rxa3 44. Rxf4 Rb3 45. Ke5 Ke7 46.
Rh4 Rxf3 1/2-1/2

[Event "Lloyds Bank Masters 2nd"]
[Site "London, Cumberland Hotel"]
[Date "1978.08.24"]
[Round "1.3"]
[White "Shamkovich, Leonid A"]
[Black "Ginsburg, Mark"]
[Result "1/2-1/2"]
[WhiteElo "2485"]
[BlackElo "2335"]
[PlyCount "110"]
[EventDate "1978.08.24"]
[EventType "swiss"]
[EventRounds "10"]
[EventCountry "ENG"]
[SourceTitle "BritBase"]
[Source "John Saunders"]
[SourceDate "2023.12.16"]
[SourceVersion "1"]
[SourceVersionDate "2023.12.16"]
[SourceQuality "1"]

1. e4 c5 2. Nf3 e6 3. Nc3 d6 4. d4 cxd4 5. Nxd4 a6 6. Be2 Nf6 7. f4 Nbd7 8. Bf3
g6 9. Be3 e5 10. Nde2 b5 11. O-O Bb7 12. Qe1 Bg7 13. a3 O-O 14. Rd1 exf4 15.
Nxf4 Ne5 16. Bc5 Re8 17. Rxd6 Qc7 18. b4 Nc4 19. Nfd5 Nxd5 20. Nxd5 Bxd5 21.
Rxd5 Nxa3 22. Qd1 Rad8 23. Bg4 Nc4 24. Bd7 Re5 25. Be6 Rexd5 26. Bxd5 Ne5 27.
Kh1 Rd7 28. h3 Kh8 29. c3 Qd8 30. Bd4 f5 31. Be6 Rd6 32. exf5 gxf5 33. Bxf5 Ng6
34. Bxg7+ Kxg7 35. Qe2 Rf6 36. Rd1 Rd6 37. Rxd6 Qxd6 38. Qd3 Qxd3 39. Bxd3 Nf4
40. Be4 Ne2 41. Bb7 Nxc3 42. Bxa6 Nd5 43. Bxb5 Nxb4 44. g3 Nd5 45. Kg2 Nf6 46.
Kf3 Kg6 47. Bc6 Kf5 48. Bb5 h6 49. Bd3+ Ke5 50. g4 Nd5 51. Be4 Nf6 52. Bc6 Nh7
53. Kg3 h5 54. gxh5 Kf6 55. h6 Kg5 1/2-1/2

[Event "Lloyds Bank Masters 2nd"]
[Site "London, Cumberland Hotel"]
[Date "1978.08.24"]
[Round "1.5"]
[White "Goichberg, William"]
[Black "Haik, Aldo"]
[Result "1/2-1/2"]
[WhiteElo "2525"]
[BlackElo "2425"]
[PlyCount "70"]
[EventDate "1978.08.24"]
[EventType "swiss"]
[EventRounds "10"]
[EventCountry "ENG"]
[SourceTitle "BritBase"]
[Source "John Saunders"]
[SourceDate "2023.12.16"]
[SourceVersion "1"]
[SourceVersionDate "2023.12.16"]
[SourceQuality "1"]

1. e4 e5 2. Nf3 Nc6 3. Bb5 d6 4. d4 Bd7 5. Nc3 exd4 6. Nxd4 g6 7. Nxc6 bxc6 8.
Qd4 Nf6 9. Bg5 Bg7 10. Bc4 O-O 11. O-O h6 12. Bh4 Re8 13. Qd3 Qb8 14. Bb3 Qb4
15. Rae1 Be6 16. f4 Nd7 17. Kh1 Nc5 18. Qf3 Bxb3 19. axb3 Ne6 20. f5 Nd4 21.
Qf2 gxf5 22. Re3 Re6 23. Rg3 Rf8 24. Nd1 Qc5 25. c3 Nxb3 26. exf5 Qxf2 27. Nxf2
Nd2 28. Rd1 Re4 29. Bf6 Rfe8 30. Rxg7+ Kf8 31. h3 Re1+ 32. Rxe1 Rxe1+ 33. Kh2
Nf1+ 34. Kg1 Nd2+ 35. Kh2 Nf1+ 1/2-1/2

[Event "Lloyds Bank Masters 2nd"]
[Site "London, Cumberland Hotel"]
[Date "1978.08.24"]
[Round "1.6"]
[White "Masculo, Jose Soares"]
[Black "Britton, Richard L"]
[Result "0-1"]
[WhiteElo "2335"]
[BlackElo "2235"]
[PlyCount "62"]
[EventDate "1978.08.24"]
[EventType "swiss"]
[EventRounds "10"]
[EventCountry "ENG"]
[SourceTitle "BritBase"]
[Source "John Saunders"]
[SourceDate "2023.12.16"]
[SourceVersion "1"]
[SourceVersionDate "2023.12.16"]
[SourceQuality "1"]

1. g3 Nf6 2. Bg2 g6 3. c4 Bg7 4. Nc3 d6 5. Nf3 O-O 6. O-O Nc6 7. d3 Nh5 8. Rb1
f5 9. Qc2 a5 10. a3 f4 11. Nd5 e5 12. b4 axb4 13. axb4 Bg4 14. Bb2 Nd4 15. Bxd4
exd4 16. b5 Rf7 17. Ra1 c6 18. Rxa8 Qxa8 19. Ng5 Rf8 20. bxc6 bxc6 21. Ne7+ Kh8
22. Nxc6 Qe8 23. Nb4 fxg3 24. hxg3 Nxg3 25. fxg3 Qe3+ 26. Kh2 Rxf1 27. Bxf1
Qxg5 28. Nc6 Qh5+ 29. Kg1 Bh6 30. Bg2 Be3+ 31. Kf1 Qf5+ 0-1

[Event "Lloyds Bank Masters 2nd"]
[Site "London, Cumberland Hotel"]
[Date "1978.08.24"]
[Round "1.7"]
[White "Silman, Jeremy D"]
[Black "Tatai, Stefano"]
[Result "0-1"]
[WhiteElo "2360"]
[BlackElo "2455"]
[PlyCount "72"]
[EventDate "1978.08.24"]
[EventType "swiss"]
[EventRounds "10"]
[EventCountry "ENG"]
[SourceTitle "BritBase"]
[Source "John Saunders"]
[SourceDate "2023.12.16"]
[SourceVersion "1"]
[SourceVersionDate "2023.12.16"]
[SourceQuality "1"]

1. e4 e5 2. Nf3 Nc6 3. Bb5 a6 4. Ba4 d6 5. O-O Nf6 6. Re1 Be7 7. c3 O-O 8. Bxc6
bxc6 9. d4 exd4 10. cxd4 d5 11. e5 Ne4 12. Nbd2 Bf5 13. Nf1 c5 14. Ng3 Nxg3 15.
hxg3 c4 16. Bd2 a5 17. b3 a4 18. bxc4 dxc4 19. Bc3 Qd5 20. Nd2 Rfd8 21. Nf1 Bd3
22. Ne3 Qd7 23. e6 fxe6 24. Ng4 Bd6 25. Ne5 Bxe5 26. Rxe5 Qf7 27. Qg4 Rd5 28.
Qxe6 Rxe5 29. Qxf7+ Kxf7 30. dxe5 a3 31. e6+ Kxe6 32. Re1+ Kf7 33. Bb4 c5 34.
Bxc5 c3 35. Re7+ Kg6 36. Ra7 c2 0-1

[Event "Lloyds Bank Masters 2nd"]
[Site "London, Cumberland Hotel"]
[Date "1978.08.24"]
[Round "1.8"]
[White "Peters, Jack"]
[Black "Van Baarle, C John"]
[Result "1-0"]
[WhiteElo "2430"]
[BlackElo "2335"]
[PlyCount "69"]
[EventDate "1978.08.24"]
[EventType "swiss"]
[EventRounds "10"]
[EventCountry "ENG"]
[SourceTitle "BritBase"]
[Source "John Saunders"]
[SourceDate "2023.12.16"]
[SourceVersion "1"]
[SourceVersionDate "2023.12.16"]
[SourceQuality "1"]

1. e4 c5 2. Nf3 d6 3. Bb5+ Nd7 4. d4 Ngf6 5. O-O cxd4 6. Qxd4 e5 7. Qd3 h6 8.
c4 Be7 9. Nc3 O-O 10. Bxd7 Bxd7 11. b3 a6 12. a4 Qc7 13. Nh4 Rfd8 14. Be3 b6
15. f3 Qb7 16. Rfd1 Bf8 17. g4 Be7 18. Nf5 Bxf5 19. gxf5 Rab8 20. Kh1 Kh7 21.
Ra2 Qc6 22. Nd5 Ng8 23. Nb4 Qc8 24. Qd5 Rf8 25. Rg1 Nf6 26. Qd2 Rg8 27. Qg2 a5
28. Nd3 Nd7 29. Qh3 Bf6 30. Qh5 Qf8 31. Rag2 Rh8 32. Nf2 Qe7 33. Ng4 Kg8 34.
Nxf6+ Qxf6 35. Bf2 1-0

[Event "Lloyds Bank Masters 2nd"]
[Site "London, Cumberland Hotel"]
[Date "1978.08.24"]
[Round "1.9"]
[White "MacPherson, Hugh Dugald"]
[Black "De Firmian, Nick E"]
[Result "1-0"]
[WhiteElo "2315"]
[BlackElo "2390"]
[PlyCount "99"]
[EventDate "1978.08.24"]
[EventType "swiss"]
[EventRounds "10"]
[EventCountry "ENG"]
[SourceTitle "BritBase"]
[Source "John Saunders"]
[SourceDate "2023.12.16"]
[SourceVersion "1"]
[SourceVersionDate "2023.12.16"]
[SourceQuality "1"]

1. g3 Nf6 2. Bg2 d5 3. Nf3 e6 4. c4 Be7 5. O-O O-O 6. d4 b6 7. cxd5 exd5 8. Nc3
Bb7 9. Bg5 h6 10. Bxf6 Bxf6 11. Rc1 Na6 12. e3 Qd7 13. Qd2 c5 14. dxc5 bxc5 15.
Rfd1 Rad8 16. Qc2 Rfe8 17. e4 Bxc3 18. bxc3 Rxe4 19. Ng5 hxg5 20. Bxe4 Qe7 21.
Bg2 Bc6 22. Re1 Qf6 23. Qe2 c4 24. Qe7 Rd7 25. Qa3 Nc7 26. Qxa7 Kh7 27. Qe3 Ne6
28. Qb6 Rd6 29. a4 g4 30. a5 d4 31. Bxc6 Ng5 32. Qb1+ g6 33. Bg2 d3 34. Re3 Qf5
35. Rd1 Qxa5 36. Qc1 Kg7 37. Qd2 Qf5 38. Ree1 Nf3+ 39. Bxf3 gxf3 40. Qe3 Rf6
41. Kh1 Qh3 42. Rg1 Rf5 43. g4 Rf6 44. Qe5 g5 45. Qg3 Qh6 46. Rge1 Rf4 47. Re3
Qf6 48. Rc1 Kg6 49. Rd1 Qxc3 50. Qh3 1-0

[Event "Lloyds Bank Masters 2nd"]
[Site "London, Cumberland Hotel"]
[Date "1978.08.24"]
[Round "1.10"]
[White "Rantanen, Yrjo A"]
[Black "Friedgood, David"]
[Result "1-0"]
[WhiteElo "2420"]
[BlackElo "2310"]
[PlyCount "79"]
[EventDate "1978.08.24"]
[EventType "swiss"]
[EventRounds "10"]
[EventCountry "ENG"]
[SourceTitle "BritBase"]
[Source "John Saunders"]
[SourceDate "2023.12.16"]
[SourceVersion "1"]
[SourceVersionDate "2023.12.16"]
[SourceQuality "1"]

1. e4 c5 2. Nf3 e6 3. d4 cxd4 4. Nxd4 a6 5. Nc3 Nc6 6. f4 Nge7 7. Nf3 d5 8. Be3
dxe4 9. Qxd8+ Nxd8 10. Nxe4 Nd5 11. Bd2 Be7 12. Ne5 O-O 13. Be2 Nc6 14. Nxc6
bxc6 15. O-O-O f5 16. Nf2 a5 17. Rhe1 Bd6 18. g3 Re8 19. c4 Nb4 20. a3 Bc5 21.
Nh3 Na6 22. Bxa5 Be3+ 23. Kc2 Nc5 24. Bc3 Ne4 25. Bf3 Bb6 26. Be5 Ra4 27. Kb3
Nc5+ 28. Ka2 Rxc4 29. Bxc6 Rd8 30. Rxd8+ Bxd8 31. Rd1 Be7 32. Kb1 Ne4 33. Bb5
Rc5 34. a4 Kf7 35. Ng1 Bb7 36. Nf3 Nf2 37. Ng5+ Bxg5 38. Rd7+ Be7 39. Rxb7 Rd5
40. a5 1-0

[Event "Lloyds Bank Masters 2nd"]
[Site "London, Cumberland Hotel"]
[Date "1978.08.24"]
[Round "1.11"]
[White "Odendahl, Steven M"]
[Black "Van der Sterren, Paul"]
[Result "1/2-1/2"]
[WhiteElo "2385"]
[BlackElo "2400"]
[PlyCount "51"]
[EventDate "1978.08.24"]
[EventType "swiss"]
[EventRounds "10"]
[EventCountry "ENG"]
[SourceTitle "BritBase"]
[Source "John Saunders"]
[SourceDate "2023.12.16"]
[SourceVersion "1"]
[SourceVersionDate "2023.12.16"]
[SourceQuality "1"]

1. d4 Nf6 2. c4 e6 3. Nf3 b6 4. g3 Ba6 5. Qa4 c6 6. Nc3 b5 7. cxb5 cxb5 8. Nxb5
Qb6 9. Nc3 Bb4 10. Bg2 O-O 11. O-O Bxc3 12. bxc3 Bxe2 13. Re1 Bb5 14. Qc2 d5
15. a4 Ba6 16. Ne5 Nfd7 17. Ba3 Rc8 18. Nxf7 Kxf7 19. Bxd5 exd5 20. Qxh7 Qh6
21. Re7+ Kf6 22. Qb1 Rh8 23. h4 Nf8 24. Qb4 Kg6 25. Qb1+ Kf6 26. Qb4 1/2-1/2

[Event "Lloyds Bank Masters 2nd"]
[Site "London, Cumberland Hotel"]
[Date "1978.08.24"]
[Round "1.14"]
[White "Rind, Bruce L"]
[Black "Martin, Andrew D"]
[Result "1-0"]
[WhiteElo "2390"]
[BlackElo "2390"]
[PlyCount "61"]
[EventDate "1978.08.24"]
[EventType "swiss"]
[EventRounds "10"]
[EventCountry "ENG"]
[SourceTitle "BritBase"]
[Source "John Saunders"]
[SourceDate "2023.12.16"]
[SourceVersion "1"]
[SourceVersionDate "2023.12.16"]
[SourceQuality "1"]

1. Nf3 e6 2. g3 f5 3. Bg2 Nf6 4. O-O Be7 5. c4 O-O 6. d4 d6 7. b3 a5 8. a3 Qe8
9. Bb2 c6 10. Nbd2 d5 11. Ne5 Nbd7 12. Nd3 Bd6 13. Nf3 Qh5 14. Nfe5 g5 15. e3
Qh6 16. Qe2 Ra6 17. b4 g4 18. b5 cxb5 19. cxb5 Ra8 20. a4 Ne4 21. Ba3 Bxa3 22.
Rxa3 Nd6 23. Rc3 Nb6 24. Qc2 Nbc4 25. Nxc4 Nxc4 26. Nf4 Kh8 27. Rc1 Bd7 28. Bf1
Nd6 29. Rc7 Rad8 30. Qc5 Nc8 31. Rxb7 1-0

[Event "Lloyds Bank Masters 2nd"]
[Site "London, Cumberland Hotel"]
[Date "1978.08.24"]
[Round "1.15"]
[White "Malachi, Avraham"]
[Black "Littlewood, Paul E"]
[Result "0-1"]
[WhiteElo "2265"]
[BlackElo "2345"]
[PlyCount "70"]
[EventDate "1978.08.24"]
[EventType "swiss"]
[EventRounds "10"]
[EventCountry "ENG"]
[SourceTitle "BritBase"]
[Source "John Saunders"]
[SourceDate "2023.12.16"]
[SourceVersion "1"]
[SourceVersionDate "2023.12.16"]
[SourceQuality "1"]

1. e4 e5 2. Nf3 d6 3. d4 exd4 4. Nxd4 g6 5. Nc3 Bg7 6. Be3 Nf6 7. f3 O-O 8. Bc4
c6 9. Nde2 d5 10. exd5 b5 11. Bb3 b4 12. dxc6 bxc3 13. Qxd8 Rxd8 14. c7 Re8 15.
cxb8=Q Rxb8 16. Kf2 cxb2 17. Rab1 Ba6 18. Nd4 Rb7 19. Rhe1 Rbe7 20. c3 Bh6 21.
Bxh6 Rxe1 22. Rxb2 Rf1+ 23. Kg3 Nh5+ 24. Kh4 Ng7 25. g4 Rfe1 26. f4 Bc8 27. Kg5
Rd8 28. f5 gxf5 29. gxf5 Rg1+ 30. Kf6 Nh5+ 31. Ke5 Re1+ 32. Ne2 Re8+ 33. Be6
Bxe6 34. Kd6 Bxf5 35. Nd4 Bg6 0-1

[Event "Lloyds Bank Masters 2nd"]
[Site "London, Cumberland Hotel"]
[Date "1978.08.24"]
[Round "1.16"]
[White "Bouaziz, Slim"]
[Black "Kopec, Danny"]
[Result "0-1"]
[WhiteElo "2365"]
[BlackElo "2310"]
[PlyCount "104"]
[EventDate "1978.08.24"]
[EventType "swiss"]
[EventRounds "10"]
[EventCountry "ENG"]
[SourceTitle "BritBase"]
[Source "John Saunders"]
[SourceDate "2023.12.16"]
[SourceVersion "1"]
[SourceVersionDate "2023.12.16"]
[SourceQuality "1"]

1. e4 c5 2. Nf3 d6 3. d4 cxd4 4. Qxd4 Bd7 5. c4 Nc6 6. Qd2 g6 7. Nc3 Bh6 8. Qc2
Bg7 9. Be2 Nf6 10. O-O Rc8 11. Rd1 Qa5 12. h3 O-O 13. Be3 Be6 14. a3 Ne5 15.
Nxe5 Qxe5 16. f4 Qa5 17. b4 Qa6 18. c5 Qc6 19. Bf3 Qc7 20. Nb5 Qb8 21. Rac1
Rfd8 22. Qf2 dxc5 23. Rxd8+ Rxd8 24. bxc5 Rd3 25. Nd4 Bh6 26. Ne2 Rxa3 27. g4
Nd7 28. g5 Bg7 29. Bg2 Ra2 30. Qf3 Ra3 31. Qf2 a5 32. Nd4 Bxh3 33. Nc2 Bxg2 34.
Nxa3 Bxe4 35. Nc4 Qc8 36. Bd4 Nf8 37. Bxg7 Qh3 38. Qh2 Qg4+ 39. Kf2 Qf3+ 40.
Ke1 Kxg7 41. Qf2 Qd3 42. Nb2 Qd5 43. Rd1 Qe6 44. Qd4+ f6 45. gxf6+ exf6 46. Kf2
Qf5 47. Ke3 Bc6 48. Nc4 Ne6 49. Qd6 Nxc5 50. Qe7+ Kh6 51. Nd6 Qh3+ 52. Kd4 Ne6+
0-1

[Event "Lloyds Bank Masters 2nd"]
[Site "London, Cumberland Hotel"]
[Date "1978.08.24"]
[Round "1.21"]
[White "Crouch, Colin S"]
[Black "Kindermann, Stefan"]
[Result "0-1"]
[WhiteElo "2300"]
[BlackElo "2240"]
[PlyCount "58"]
[EventDate "1978.08.24"]
[EventType "swiss"]
[EventRounds "10"]
[EventCountry "ENG"]
[SourceTitle "BritBase"]
[Source "John Saunders"]
[SourceDate "2023.12.16"]
[SourceVersion "1"]
[SourceVersionDate "2023.12.16"]
[SourceQuality "1"]

1. e4 e5 2. Nf3 f5 3. exf5 e4 4. Ne5 Nf6 5. d4 d6 6. Nc4 Bxf5 7. Ne3 Bg6 8. h4
d5 9. c4 Nc6 10. Nc3 dxc4 11. d5 Ne5 12. Nxc4 Nxc4 13. Bxc4 a6 14. Be3 Bd6 15.
h5 Bf5 16. Rh4 O-O 17. g4 Nd7 18. Rh1 Ne5 19. Be2 Bd7 20. Nxe4 Qe7 21. Nxd6
cxd6 22. Kf1 Nxg4 23. Bxg4 Qxe3 24. Rh2 Qg3 25. Rg2 Rxf2+ 26. Rxf2 Bxg4 27. Qd4
Re8 28. Rg2 Bh3 29. Qd2 Qh2 0-1

[Event "Lloyds Bank Masters 2nd"]
[Site "London, Cumberland Hotel"]
[Date "1978.08.24"]
[Round "1.23"]
[White "Stirling, William J"]
[Black "Lucena, Lincoln"]
[Result "1-0"]
[WhiteElo "2205"]
[BlackElo "2185"]
[PlyCount "89"]
[EventDate "1978.08.24"]
[EventType "swiss"]
[EventRounds "10"]
[EventCountry "ENG"]
[SourceTitle "BritBase"]
[Source "John Saunders"]
[SourceDate "2023.12.16"]
[SourceVersion "1"]
[SourceVersionDate "2023.12.16"]
[SourceQuality "1"]

1. e4 d6 2. d4 Nf6 3. Nc3 g6 4. Nf3 Bg7 5. Be2 O-O 6. O-O b6 7. Re1 Bb7 8. Bf1
c5 9. d5 Na6 10. Bg5 Nc7 11. Qd2 Re8 12. Rad1 a6 13. Nb1 b5 14. c4 Nd7 15. Na3
b4 16. Nc2 a5 17. Ne3 h5 18. h4 a4 19. Rc1 f6 20. Bf4 Ne5 21. Nh2 Bc8 22. Be2
Kf7 23. Bg3 Rh8 24. f4 Nd7 25. Rf1 Kg8 26. Nf3 Ne8 27. Bd3 Nf8 28. e5 Bg4 29.
Qc2 Qc8 30. Bxg6 b3 31. axb3 axb3 32. Qd3 Nxg6 33. Qxg6 Ra2 34. Qb1 Rh7 35. Rc3
Qb8 36. Nd2 Ra4 37. Rxb3 Rb4 38. Rxb4 Qxb4 39. Qc2 Bd7 40. e6 Bc8 41. Nf5 Bf8
42. Be1 Ba6 43. Rf3 Kh8 44. Ra3 Nc7 45. Rb3 {45. ... Qa5 46.Nf3 Qa1 (Qa2) 47.
Ra3 45. ... Qa5 46.Nf3 Qa4 47.Rb8!} 1-0

[Event "Lloyds Bank Masters 2nd"]
[Site "London, Cumberland Hotel"]
[Date "1978.08.24"]
[Round "1.28"]
[White "Century, Jonathan Isaac"]
[Black "Henshaw, John C"]
[Result "0-1"]
[WhiteElo "2255"]
[BlackElo "2215"]
[PlyCount "58"]
[EventDate "1978.08.24"]
[EventType "swiss"]
[EventRounds "10"]
[EventCountry "ENG"]
[SourceTitle "BritBase"]
[Source "John Saunders"]
[SourceDate "2023.12.16"]
[SourceVersion "1"]
[SourceVersionDate "2023.12.16"]
[SourceQuality "1"]

1. Nf3 Nf6 2. c4 g6 3. b3 Bg7 4. Bb2 O-O 5. g3 d6 6. d4 Nbd7 7. Bg2 e5 8. dxe5
Ng4 9. O-O dxe5 10. h3 Nh6 11. Nc3 f5 12. Qd2 Nf7 13. Rad1 c6 14. Qc1 Bh6 15.
Qc2 Qe7 16. Na4 Nf6 17. Qc3 Ne4 18. Qa5 f4 19. Nxe5 Nfg5 20. g4 Bg7 21. Nf3
Bxb2 22. Nxb2 h5 23. Nxg5 Nxg5 24. h4 Nf7 25. gxh5 Qxh4 26. hxg6 Ng5 27. Qc7
Bh3 28. Bxh3 Nxh3+ 29. Kg2 f3+ {Source: J C Henshaw via Brian Denman,
contributed 21 July 2021} 0-1

[Event "Lloyds Bank Masters 2nd"]
[Site "London, Cumberland Hotel"]
[Date "1978.08.24"]
[Round "1.34"]
[White "Harding, Timothy David"]
[Black "Shallcross, Douglas George A"]
[Result "1-0"]
[WhiteElo "2230"]
[BlackElo "2150"]
[PlyCount "100"]
[EventDate "1978.08.24"]
[EventType "swiss"]
[EventRounds "10"]
[EventCountry "ENG"]
[SourceTitle "Tim Harding"]
[Source "Tim Harding"]
[SourceDate "2023.12.23"]
[SourceVersion "1"]
[SourceVersionDate "2023.12.23"]
[SourceQuality "1"]

1. c4 c5 2. Nc3 Nf6 3. Nf3 Nc6 4. d4 cxd4 5. Nxd4 e6 6. g3 Bb4 7. Bg2 O-O 8.
O-O Qe7 9. Ne4 Nxe4 10. Bxe4 Bc5 11. Nb3 Bb6 12. Bf4 e5 13. Bd2 d6 14. Qc2 f5
15. Bg2 Be6 16. Rac1 Rac8 17. e3 Qf7 18. Qd3 e4 19. Qxd6 Rfd8 20. Qa3 Bxc4 21.
Rfd1 Qh5 22. Qa4 Ne5 23. h3 Nd3 24. Bc3 Ba6 25. Rb1 Nxf2 26. Rxd8+ Rxd8 27.
Kxf2 Qe2+ 28. Kg1 Qxe3+ 29. Kh2 f4 30. Re1 Qf2 31. Qxe4 Qxg3+ 32. Kh1 Rf8 33.
Qe6+ Kh8 34. Qg4 Qxg4 35. hxg4 Rd8 36. Bf3 Be3 37. Kg2 Kg8 38. Rd1 Bd3 39. Nc1
Bxc1 40. Rxc1 b6 41. Kf2 Kf7 42. Re1 g5 43. Rh1 h6 44. Re1 Rd7 45. Rd1 Ke7 46.
Bb4+ Kf7 47. Rd2 Kf6 48. Bc3+ Ke7 49. Bg7 Rd6 50. Bc3 Ke6 {Source: Tim Harding
personal database. Black lost on time.} 1-0

[Event "Lloyds Bank Masters 2nd"]
[Site "London, Cumberland Hotel"]
[Date "1978.08.24"]
[Round "1.35"]
[White "Michaelides, Evan"]
[Black "James, Geoffrey H"]
[Result "0-1"]
[WhiteElo "2215"]
[BlackElo "2230"]
[PlyCount "50"]
[EventDate "1978.08.24"]
[EventType "swiss"]
[EventRounds "10"]
[EventCountry "ENG"]
[SourceTitle "BritBase"]
[Source "John Saunders"]
[SourceDate "2023.12.16"]
[SourceVersion "1"]
[SourceVersionDate "2023.12.16"]
[SourceQuality "1"]

1. e4 e5 2. Nf3 Nc6 3. Bb5 a6 4. Ba4 d6 5. O-O Bg4 6. h3 h5 7. d4 b5 8. Bb3
Nxd4 9. hxg4 hxg4 10. Ng5 Nh6 11. f4 Nxb3 12. axb3 c6 13. g3 Be7 14. Be3 d5 15.
Nd2 d4 16. Bf2 Qd7 17. c3 c5 18. b4 dxc3 19. bxc3 cxb4 20. cxb4 f6 21. Nb3 Qxd1
22. Rfxd1 fxg5 23. fxg5 Nf7 24. Rd5 Nxg5 25. Rxb5 Nf3+ 0-1

[Event "Lloyds Bank Masters 2nd"]
[Site "London, Cumberland Hotel"]
[Date "1978.08.24"]
[Round "1.37"]
[White "Freeman, Michael Joseph"]
[Black "Webb, Richard M"]
[Result "1/2-1/2"]
[WhiteElo "2065"]
[BlackElo "2120"]
[PlyCount "60"]
[EventDate "1978.08.24"]
[EventType "swiss"]
[EventRounds "10"]
[EventCountry "ENG"]
[SourceTitle "BritBase"]
[Source "John Saunders"]
[SourceDate "2023.12.16"]
[SourceVersion "1"]
[SourceVersionDate "2023.12.16"]
[SourceQuality "1"]

1. d4 Nf6 2. c4 g6 3. Nc3 d5 4. Bf4 Bg7 5. e3 O-O 6. cxd5 Nxd5 7. Nxd5 Qxd5 8.
Bxc7 Na6 9. Bxa6 Qxg2 10. Qf3 Qxf3 11. Nxf3 bxa6 12. Rg1 f6 13. Ke2 Rf7 14.
Rac1 Bf8 15. a3 e6 16. Rc3 Bb7 17. Rgc1 Rc8 18. Ne1 Rd7 19. Bg3 Rxc3 20. Rxc3
a5 21. Rc7 Rxc7 22. Bxc7 a4 23. Bb8 a6 24. Kd3 Kf7 25. Kc3 Ke8 26. f3 g5 27. e4
g4 28. Kd3 gxf3 29. Nxf3 Bh6 30. Nd2 Bxd2 {Source: chessgames.com} 1/2-1/2

[Event "Lloyds Bank Masters 2nd"]
[Site "London, Cumberland Hotel"]
[Date "1978.08.24"]
[Round "1.40"]
[White "Teichmann, Erik Oskar M C"]
[Black "Dymond, Michael John"]
[Result "1-0"]
[WhiteElo "2120"]
[BlackElo "2040"]
[PlyCount "55"]
[EventDate "1978.08.24"]
[EventType "swiss"]
[EventRounds "10"]
[EventCountry "ENG"]
[SourceTitle "BritBase"]
[Source "John Saunders"]
[SourceDate "2023.12.16"]
[SourceVersion "1"]
[SourceVersionDate "2023.12.16"]
[SourceQuality "1"]

1. e4 d6 2. d4 Nf6 3. Nc3 g6 4. f4 Bg7 5. Nf3 O-O 6. e5 dxe5 7. dxe5 Qxd1+ 8.
Kxd1 Rd8+ 9. Bd3 Nd5 10. Nxd5 Rxd5 11. Ke2 Bg4 12. Be4 Rb5 13. c3 f5 14. Bd3
Rb6 15. b4 Nd7 16. Be3 c5 17. Rhd1 Kf7 18. Rd2 g5 19. bxc5 gxf4 20. Bc4+ Ke8
21. Bd4 Rh6 22. Bb5 Rd8 23. Kf1 Bxf3 24. gxf3 Kf8 25. Bg1 Bxe5 26. Rad1 Bxc3
27. Rxd7 Rxd7 28. Rxd7 1-0

[Event "Lloyds Bank Masters 2nd"]
[Site "London, Cumberland Hotel"]
[Date "1978.08.24"]
[Round "1.53"]
[White "Yeo, Michael J"]
[Black "Berry, Stephen H"]
[Result "0-1"]
[WhiteElo "2205"]
[BlackElo "2200"]
[PlyCount "87"]
[EventDate "1978.08.24"]
[EventType "swiss"]
[EventRounds "10"]
[EventCountry "ENG"]
[SourceTitle "BritBase"]
[Source "John Saunders"]
[SourceDate "2023.12.16"]
[SourceVersion "1"]
[SourceVersionDate "2023.12.16"]
[SourceQuality "1"]

1. e4 e5 2. f4 exf4 3. Nf3 Be7 4. Bc4 Nf6 5. Qe2 O-O 6. O-O d5 7. Bxd5 Nxd5 8.
exd5 c6 9. d4 g5 10. h4 h6 11. Ne5 Qxd5 12. Nc3 Qxd4+ 13. Kh1 Bf6 14. Ng4 Bg7
15. hxg5 hxg5 16. Bxf4 gxf4 17. Rad1 Qc5 18. Rxf4 Qg5 19. g3 Bf5 20. Rdf1 Bg6
21. Ne4 Qh5+ 22. Kg2 Nd7 23. Rh1 Qd5 24. c4 Qe6 25. Qf3 Rae8 26. Re1 f5 27.
Nef6+ Rxf6 28. Rxe6 Rfxe6 29. Nf2 Nf6 30. Rh4 Re2 31. Kh3 R8e3 32. Qg2 Ne4 33.
Rf4 Rxg3+ 34. Qxg3 Nxg3 35. Kxg3 Bh6 36. Rd4 Be3 37. Rd8+ Kf7 38. Nd3 f4+ 39.
Kg4 Bxd3 40. Rxd3 Kf6 41. Rb3 Rg2+ 42. Kf3 Rf2+ 43. Ke4 Rh2 44. Rxb7 0-1